LEADER 01395nam a2200313 i 4500 001 000000222787 003 CaOOAMICUS 005 20130925000000.0 008 130925s2003 it u000 u ita u 013 $a201684 020 $a88-7115-279-4 040 $aSeMil$bita 245 10$aEtica pubblica :$bincertezza e responsabilità : una riflessione critica a piu voci /$ca cura di Italo De Sandre, Mauro Maccarinelli. 260 $aPadova :$bIl Poligrafo,$c2003. 300 $a67 p. ;$c24 cm. 490 0 $aScritti monastici inter quaestiones ;$v2 500 $aFondo card. C. M. Martini. 650 4$aEtica comunitaria.$0(OLS)http://semarc/subject/8529 650 4$aEtica - Studi.$0(OLS)http://semarc/subject/4118 700 1 $aMaccarinelli, Mauro.$0(OLS)http://semarc/name/44097 700 1 $aDe Sandre, Italo.$0(OLS)http://semarc/name/44888 830 0$aScritti monastici inter quaestiones ;$v2.$0(OLS)http://semarc/title/9626 850 $aSeMil 852 $aSeMil$W1$xVenegono$y1$m3M IV 224$j173133$B173133$CSeMilBibl$Z2$F185557 $81 941 1 $a4 961 $aLascito: Martini Card. Carlo Maria 996 $6020$a88-7115-279-4$9(OLS)http://semarc/number/222455 996 $6245$aEtica pubblica :$bincertezza e responsabilità : una riflessione critica a piu voci$9(OLS)http://semarc/title/319444 996 $6260$aPadova :$bIl Poligrafo$9(OLS)http://semarc/publisher/31108 LEADER 01023nam a2200265 i 4500 001 000000062199 003 CaOOAMICUS 005 20101109000000.0 008 101109s1998 it u000 u ita u 013 $a33371 020 $a88-8065-167-6 040 $aSeMil$bita 245 10$aLazzati alla guida della Gioventù cattolica milanese. 260 $aRoma :$bAVE,$c1998. 300 $a177 p. ;$c24 cm. 490 0 $aDossier Lazzati ;$v14 500 $aDono di mons. Antonio Rimoldi. 650 4$aAzione Cattolica Italiana - Milano.$0(OLS)http://semarc/subject/5802 830 0$aDossier Lazzati ;$v14.$0(OLS)http://semarc/title/243 850 $aSeMil 852 $aSeMil$W1$xVenegono$y1$m3J IV 249$j28352$B28352$CSeMilBibl$Z2$F28355 $81 961 $aOmaggio: Rimoldi mons. Antonio 996 $6020$a88-8065-167-6$9(OLS)http://semarc/number/38684 996 $6245$aLazzati alla guida della Gioventù cattolica milanese$9(OLS)http://semarc/title/97870 996 $6260$aRoma :$bAVE$9(OLS)http://semarc/publisher/30251